• 首页
  • 本馆介绍
  • 公告通知
  • 最新文献
  • 馆藏检索
  • 电子资源
  • 读者导购
  • 参考咨询
  • 我的图书馆
  • 登录
  • 详细信息显示
  • 放入我的书架
  • 预约/预借图书
  • 作者相关作品
  • 分类相关作品
  • 丛书相关作品
  • 出版社相关作品

书目信息

  • 表格格式
  • 工作单格式
  • 卡片格式
题名:
神秘的第三只手
    
 
作者: 刘雪梅 著
分册:  
出版信息: 北京   东方出版社  2005
页数: 350页
开本: 24cm
丛书名: 绝密行动丛书
单 册:
中图分类: D771.236
科图分类:
主题词: 情报机构--美国--20世纪--史料 , 间谍--情报活动--美国--20世纪--史料 , 情报机构 , 间谍 , 情报活动
电子资源:
ISBN: 7-5060-2215-X
000 01072oam2 2200313 450
001 002967884
005 20120612085215.82
010    @a7-5060-2215-X@dCNY35.00
100    @a20050628d2005 em y0chiy0110 ea
101 0  @achi
102    @aCN@b110000
105    @aa z 000yd
106    @ar
200 1  @a神秘的第三只手@9shen mi de di san zhi shou@e二十世纪美国情报机构绝密行动@f刘雪梅等著
210    @a北京@c东方出版社@d2005
215    @a350页@c照片,图@d24cm
225 2  @a绝密行动丛书
330    @a本书讲述了“伯尔尼渠道”、“日出行动”、“反共急先锋”、“高飞的大鸟”、“斗笠加匕首”、“从猪湾入侵到猫鼬行动”等情节。
461  0 @12001 @a绝密行动丛书
517 1  @a二十世纪美国情报机构绝密行动@9er shi shi ji mei guo qing bao ji gou jue mi xing dong
606 0  @a情报机构@y美国@z20世纪@j史料
606 0  @a间谍@x情报活动@y美国@z20世纪@j史料
606 0  @a情报机构
606 0  @a间谍
606 0  @a情报活动
690    @aD771.236@v4
701  0 @a刘雪梅@9liu xue mei@c(文学硕士)@4著
801  0 @aCN@bNLC@c20051102
905    @b539449-53@dD771.236@e350@f5
    
    神秘的第三只手:二十世纪美国情报机构绝密行动/刘雪梅等著.-北京:东方出版社,2005
    350页:照片,图;24cm.-(绝密行动丛书)
    
    
    ISBN 7-5060-2215-X:CNY35.00
    本书讲述了“伯尔尼渠道”、“日出行动”、“反共急先锋”、“高飞的大鸟”、“斗笠加匕首”、“从猪湾入侵到猫鼬行动”等情节。
●
相关链接 在E读中查询图书 在五车中查询图书 在当当中查询图书 在豆瓣中查询图书


正题名:神秘的第三只手     索取号:D771.236/350         预约/预借

序号 登录号 条形码 馆藏地/架位号 状态 备注
1 539449   205394492   第一样本阅览室/ [索取号:D771.236/350] 在馆    
2 539450   205394508   第一借阅区/ [索取号:D771.236/350] 在馆    
3 539451   205394517   第一借阅区/ [索取号:D771.236/350] 在馆    
4 539452   205394526   第一借阅区/ [索取号:D771.236/350] 在馆    
5 539453   205394535   第一借阅区/ [索取号:D771.236/350] 在馆    
唐山师范学院图书馆 欢迎您!
大连网信软件有限公司© 版权所有